[Event "Balatonlelle Rigo Memorial GM 2nd"]
[Site "Balatonlelle"]
[Date "2023.06.18"]
[Round "5"]
[White "Isha, Sharma"]
[Black "Harshavardhan, GB."]
[Result "1/2-1/2"]
[WhiteElo "2267"]
[BlackElo "2408"]
[PlyCount "62"]
[EventDate "2023.06.14"]
[EventType "tourn"]
[EventRounds "9"]
[EventCountry "HUN"]
[EventCategory "6"]
[SourceTitle "CBM 214 Extra"]
[Source "ChessBase"]
[SourceDate "2023.07.31"]
[SourceVersion "1"]
[SourceVersionDate "2023.07.31"]
[SourceQuality "1"]

1. e4 e6 2. d4 d5 3. Nd2 c5 4. Ngf3 cxd4 5. exd5 Qxd5 6. Bc4 Qd7 7. 0-0 Nc6 8. Nb3 Nf6 9. Nbxd4 Nxd4 10. Nxd4 a6 11. a4 Bd6 12. h3 0-0 13. c3 h6 14. Qf3 e5 15. Nc2 e4 16. Qd1 Qe7 17. Qe2 Nd7 18. Nd4 Qe5 19. f4 exf3 20. Nxf3 Bc5+ 21. Kh1 Qxe2 22. Bxe2 Nf6 23. Nd2 Be6 24. Bf3 Rab8 25. Ne4 Nxe4 26. Bxe4 f5 27. Bf3 g5 28. Re1 Bb3 29. Be3 Bxe3 30. Rxe3 a5 31. Ra3 Bc2 1/2-1/2

[Event "Baku op"]
[Site "Baku"]
[Date "2023.05.12"]
[Round "9"]
[White "Klek, Hanna Marie"]
[Black "Isha, Sharma"]
[Result "1/2-1/2"]
[WhiteElo "2324"]
[BlackElo "2216"]
[PlyCount "66"]
[EventDate "2023.05.04"]
[EventType "swiss"]
[EventRounds "9"]
[EventCountry "AZE"]
[SourceTitle "CBM 214 Extra"]
[Source "ChessBase"]
[SourceDate "2023.07.31"]
[SourceVersion "1"]
[SourceVersionDate "2023.07.31"]
[SourceQuality "1"]

1. e4 e5 2. Nf3 Nc6 3. Bb5 a6 4. Ba4 Nf6 5. 0-0 Be7 6. d3 b5 7. Bb3 0-0 8. a4 b4 9. d4 d6 10. dxe5 Nxe5 11. Bf4 Ng6 12. Bd2 c5 13. c3 a5 14. Re1 Bb7 15. cxb4 axb4 16. Qc2 Nd7 17. Be3 Bf6 18. Nbd2 Nde5 19. Nxe5 Nxe5 20. Rad1 Re8 21. Bf4 Ba6 22. Bxe5 Bxe5 23. Bd5 Rc8 24. Nf3 Qc7 25. Nxe5 dxe5 26. b3 g6 27. h4 Qe7 28. g3 Rc7 29. Re3 Kg7 30. Rf3 f6 31. Bc4 Bb7 32. Bd5 Ba6 33. Bc4 Bb7 1/2-1/2

[Event "Baku op"]
[Site "Baku"]
[Date "2023.05.11"]
[Round "8"]
[White "Isha, Sharma"]
[Black "Akhvlediani, Irakli"]
[Result "0-1"]
[WhiteElo "2216"]
[BlackElo "2421"]
[PlyCount "164"]
[EventDate "2023.05.04"]
[EventType "swiss"]
[EventRounds "9"]
[EventCountry "AZE"]
[SourceTitle "CBM 214 Extra"]
[Source "ChessBase"]
[SourceDate "2023.07.31"]
[SourceVersion "1"]
[SourceVersionDate "2023.07.31"]
[SourceQuality "1"]

1. e4 c5 2. Nf3 d6 3. d4 cxd4 4. Nxd4 Nf6 5. Nc3 a6 6. Be3 e5 7. Nb3 Be6 8. h3 Be7 9. f4 exf4 10. Bxf4 Nc6 11. Qe2 Ne5 12. 0-0-0 Nfd7 13. Kb1 Rc8 14. Nd5 Bxd5 15. exd5 0-0 16. g4 h6 17. Qg2 Re8 18. Nd4 Ng6 19. Bc1 Bf6 20. Nf5 Nc5 21. Bd3 Ne5 22. Be2 Na4 23. Qf2 Nc4 24. Bxc4 Rxc4 25. Rd3 Rce4 26. Ng3 Bh4 27. Qf3 Bxg3 28. Qxg3 Re2 29. Rd2 R2e3 30. Qf2 Qb6 31. Ka1 R3e5 32. Qxb6 Nxb6 33. Rhd1 Nc4 34. Rd3 Re1 35. Kb1 R8e2 36. b3 Rxd1 37. Rxd1 Ne3 38. Rd4 Nxc2 39. Rc4 Ne3 40. Rc8+ Kh7 41. Ba3 Nxd5 42. Bxd6 Re6 43. Ba3 Re1+ 44. Kc2 Re2+ 45. Kb1 Rh2 46. Rc5 Nf4 47. Rf5 Ne2 48. Rxf7 Nc3+ 49. Kc1 Nxa2+ 50. Kb1 Nc3+ 51. Kc1 b5 52. Bd6 Re2 53. Ra7 Re6 54. Bf8 Rg6 55. Kd2 Nd5 56. b4 Nf4 57. h4 Rxg4 58. Rxa6 Rxh4 59. Rb6 Rh2+ 60. Kd1 Nd5 61. Rb7 Rg2 62. Ke1 Nc3 63. Rc7 Ne4 64. Re7 Nf6 65. Rb7 Rg5 66. Be7 Re5+ 67. Kf1 Ne4 68. Kg2 Rf5 69. Bh4 Kg6 70. Bd8 h5 71. Rb6+ Kh7 72. Rb7 Kh6 73. Bb6 g5 74. Bd4 h4 75. Bc5 Kh5 76. Rxb5 Kg4 77. Ra5 Nxc5 78. bxc5 Rf4 79. c6 Rc4 80. Ra6 h3+ 81. Kh2 Rc2+ 82. Kg1 Kh4 0-1

[Event "Budapest Vezerkepzo IM-C 04"]
[Site "Budapest"]
[Date "2023.05.04"]
[Round "9"]
[White "Pulpan, Jakub"]
[Black "Isha, Sharma"]
[Result "0-1"]
[WhiteElo "2427"]
[BlackElo "2216"]
[PlyCount "76"]
[EventDate "2023.04.25"]
[EventType "tourn"]
[EventRounds "9"]
[EventCountry "HUN"]
[SourceTitle "CBM 214 Extra"]
[Source "ChessBase"]
[SourceDate "2023.07.31"]
[SourceVersion "1"]
[SourceVersionDate "2023.07.31"]
[SourceQuality "1"]

1. d4 Nf6 2. Bf4 c5 3. d5 b5 4. a4 Bb7 5. c4 b4 6. Nd2 d6 7. e4 g6 8. Be2 Nbd7 9. Nh3 Bg7 10. 0-0 0-0 11. Qb3 h6 12. Qg3 Nh7 13. Rab1 Bc8 14. Be3 Qe8 15. Qh4 g5 16. Qg3 Nb6 17. f4 f6 18. b3 a5 19. Nf2 Kh8 20. Nd3 Rg8 21. h4 gxh4 22. Qxh4 f5 23. Bh5 Qd8 24. Bg6 Qf8 25. e5 e6 26. exd6 exd5 27. Bxc5 Nd7 28. Bxh7 Kxh7 29. Nf3 Nxc5 30. Nxc5 Qxd6 31. Nd3 dxc4 32. Qh5 Bd4+ 33. Nf2 Qxf4 34. Rbe1 Ra7 35. Re8 Rag7 36. Nxd4 Qxd4 37. Rxc8 Rxg2+ 38. Kh1 Qd5 0-1